00822cam a2200241 a 4500999001500000001000600015003000900021005001700030008004100047020001800088040003800106082001900144100002100163245007500184260003800259300003200297504005100329650001800380650003100398650002200429942001200451952011700463 c3056d305612440BD-DhUAP20200301152156.0200301s1998 bg abf b f000 0 eng  a9781856694568 aBD-DhUAPcBD-DhUAPdBD-DhUAPbEng a725.23 MYE223 aMyerson, Jeremy. aSpace to work : bnew office design /cJeremy Myerson and Philip Ross. aLondon :bLaurence King, cc2006. a191 pages :bill. ;c29 cm. aIncludes bibliographical references and index. aOffice layout aOffice buildings -- Design aWork environment. 2ddccBK 00102ddc4070aUAPCLbUAPCLcGeneral Stacksd2020-03-01o725.23 MYEp3010012440r2020-03-01t1w2020-03-01yBK